Medical Terminology Starting with S - Statistics

General Stats
  • This quiz has been taken 256 times
  • The average score is 11 of 26
Answer Stats
Hint Answer % Correct
Bone that is compressed during CPR Sternum
83%
Curvature of the Spine Scoliosis
74%
Bones of the head are collectively called Skull
73%
"Backbone" Spine
64%
Male reproductive cells Sperm
62%
Infection caused by eating raw or undercooked meat Salmonella
60%
Relating to the system of bones Skeletal
56%
Type of medication that relaxes patients Sedative
54%
Painful skin rash caused by activated chicken pox virus Shingles
54%
Hollow muscular organ of the gastrointestinal tract Stomach
53%
Nasal passageways Sinuses
43%
It holds humans together Skin
43%
Whites of the Eyes Sclera
40%
Triangular bone of lower back region Sacrum
39%
Inflammation of the above Sinusitis
39%
Ring of muscle that guards and closes openings Sphincter
38%
Abnormal electric activity in the brain Seizure
33%
Soft and connective tissue cancers Sarcoma
32%
Normal value is 135-145 MEq/L Sodium
31%
A component of blood Serum
27%
State of the body when there is low blood perfusion Shock
24%
Under the tongue Sublingual
23%
Enzyme containing fluid that breaks down starches Saliva
21%
Muscles of the neck that turn the head Sternocleidomastoid
21%
One section of the large intestine Sigmoid
19%
A test using sound waves Sonogram
18%
No matching quizzes found
Score Distribution
Percent of People with Each Score
Percentile by Number Answered
Your Score History
You have not taken this quiz